[Event "EU-chT (Women) 19th"]
[Site "Warsaw"]
[Date "2013.11.14"]
[Round "6.9"]
[White "Reppen, Ellisiv"]
[Black "Borsuk, Angela"]
[Result "0-1"]
[WhiteElo "2008"]
[BlackElo "2186"]
[PlyCount "108"]
[EventDate "2013.11.08"]
[EventType "team-swiss"]
[EventRounds "9"]
[EventCountry "POL"]
[SourceTitle "EXT 2014"]
[Source "ChessBase"]
[SourceDate "2013.11.20"]
[SourceVersion "1"]
[SourceVersionDate "2013.11.20"]
[SourceQuality "1"]
[WhiteTeam "Norway (W)"]
[BlackTeam "Israel (W)"]
[WhiteTeamCountry "NOR"]
[BlackTeamCountry "ISR"]

1. e4 d5 2. exd5 Qxd5 3. Nc3 Qd6 4. d4 Nf6 5. Nf3 a6 6. h3 e6 7. Bd3 Be7 8. Be3 Nbd7 9. Qd2 c5 10. Bf4 Qb6 11. Na4 Qb4 12. Qxb4 cxb4 13. c4 bxc3 14. Nxc3 0-0 15. 0-0 b5 16. Rac1 Bb7 17. Ne5 Rfd8 18. Be2 Rac8 19. Bf3 Bxf3 20. Nxf3 Nb6 21. Ne2 Nfd5 22. Bh2 Na4 23. b3 Nac3 24. Nxc3 Rxc3 25. Rxc3 Nxc3 26. a4 b4 27. Bc7 Rc8 28. Bb6 f6 29. Re1 Kf7 30. Nd2 Nd5 31. Ba5 Rc3 32. Rb1 Rd3 33. Nf3 Nf4 34. Ne1 Rc3 35. Kh2 Ne2 36. Nf3 Bd6+ 37. Kh1 Rc2 38. Ne1 Rd2 39. Nf3 Rd3 40. Bb6 Nc3 41. Rc1 Ke7 42. Bc5 Bxc5 43. dxc5 Kd7 44. Re1 e5 45. Rxe5 Rxf3 46. c6+ Kxc6 47. Re6+ Kd5 48. Rxa6 Rxf2 49. Ra7 Rb2 50. Rxg7 Rxb3 51. Rxh7 Nxa4 52. h4 Rc3 53. h5 b3 54. Rd7+ Ke6 0-1

[Event "EU-chT (Women) 19th"]
[Site "Warsaw"]
[Date "2013.11.10"]
[Round "3.15"]
[White "Messina, Roberta"]
[Black "Reppen, Ellisiv"]
[Result "0-1"]
[WhiteElo "2064"]
[BlackElo "2008"]
[PlyCount "128"]
[EventDate "2013.11.08"]
[EventType "team-swiss"]
[EventRounds "9"]
[EventCountry "POL"]
[SourceTitle "EXT 2014"]
[Source "ChessBase"]
[SourceDate "2013.11.20"]
[SourceVersion "1"]
[SourceVersionDate "2013.11.20"]
[SourceQuality "1"]
[WhiteTeam "Italy (W)"]
[BlackTeam "Norway (W)"]
[WhiteTeamCountry "ITA"]
[BlackTeamCountry "NOR"]

1. Nf3 c5 2. c4 Nc6 3. g3 g6 4. Bg2 Bg7 5. Nc3 d6 6. 0-0 Bf5 7. d3 Qd7 8. Rb1 Bh3 9. Bd2 Bxg2 10. Kxg2 Nf6 11. a3 0-0 12. b4 b6 13. Qb3 Rab8 14. Nd5 Nxd5 15. cxd5 Nd4 16. Nxd4 cxd4 17. b5 Rfc8 18. Rfc1 h5 19. Rc6 Qg4 20. f3 Qf5 21. Rb2 g5 22. Rbc2 g4 23. f4 Re8 24. Bb4 h4 25. Rc1 Qh5 26. Rh1 e5 27. fxe5 Rxe5 28. Qa2 Rbe8 29. Rc2 h3+ 30. Kf2 Rxd5 31. a4 Bh6 32. Ke1 Be3 33. Rf1 Rf5 34. Rh1 Qg6 35. Rc6 Rf6 36. Qd5 Rfe6 37. Rxd6 Rc8 38. Rd8+ Rxd8 39. Qxd8+ Kh7 40. Qh4+ Kg7 41. Qd8 Rf6 42. Be7 Rf5 43. Bd6 Qe6 44. Bf8+ Kg6 45. Qd6 Qxd6 46. Bxd6 Rd5 47. Bb4 Rd7 48. Kd1 a6 49. bxa6 Ra7 50. Kc2 Rxa6 51. Kb3 Ra8 52. Rd1 Rc8 53. Be1 Rc6 54. Bb4 Rf6 55. Be1 Rf1 56. Kc2 Bg1 57. Rb1 f6 58. e3 Bxe3 59. Kd1 Rh1 60. Rb2 Bg1 61. Rxb6 Bxh2 62. a5 Bxg3 63. Re6 Rxe1+ 64. Rxe1 Bxe1 0-1

[Event "Norderstedt op"]
[Site "Norderstedt"]
[Date "2013.04.01"]
[Round "9"]
[White "Reppen, Ellisiv"]
[Black "Hotze, Kurt"]
[Result "1-0"]
[WhiteElo "1972"]
[BlackElo "1727"]
[PlyCount "95"]
[EventDate "2013.03.28"]
[EventType "swiss"]
[EventRounds "9"]
[EventCountry "GER"]
[SourceTitle "EXT 2015"]
[Source "ChessBase"]
[SourceDate "2014.11.20"]
[SourceVersion "1"]
[SourceVersionDate "2014.11.20"]
[SourceQuality "1"]

1. e4 c5 2. Nf3 d6 3. d4 cxd4 4. Nxd4 Nc6 5. Nc3 a6 6. Be3 e6 7. Qd2 Qc7 8. 0-0-0 Nf6 9. f4 Be7 10. h3 b5 11. a3 Bb7 12. Nxc6 Bxc6 13. Bd3 e5 14. g4 Nd7 15. Nd5 Bxd5 16. exd5 Nc5 17. Bxc5 Qxc5 18. fxe5 dxe5 19. d6 Bxd6 20. Bxb5+ axb5 21. Qxd6 Qxd6 22. Rxd6 b4 23. Re1 f6 24. axb4 Ke7 25. Rd3 Ra1+ 26. Kd2 Rxe1 27. Kxe1 h5 28. b5 hxg4 29. hxg4 Rd8 30. Rxd8 Kxd8 31. Ke2 g6 32. Ke3 f5 33. gxf5 gxf5 34. c4 Kc7 35. c5 Kb7 36. b4 Kc7 37. b6+ Kc6 38. Kd3 Kb7 39. b5 Kc8 40. c6 Kb8 41. b7 Kc7 42. b6+ Kb8 43. Ke3 e4 44. Kf4 e3 45. Kxe3 f4+ 46. Ke4 f3 47. c7+ Kxb7 48. Kxf3 1-0

[Event "Norderstedt op"]
[Site "Norderstedt"]
[Date "2013.04.01"]
[Round "8"]
[White "Reppen, Ellisiv"]
[Black "Schnitzer, Peter"]
[Result "0-1"]
[WhiteElo "1972"]
[BlackElo "2186"]
[PlyCount "78"]
[EventDate "2013.03.28"]
[EventType "swiss"]
[EventRounds "9"]
[EventCountry "GER"]
[SourceTitle "EXT 2015"]
[Source "ChessBase"]
[SourceDate "2014.11.20"]
[SourceVersion "1"]
[SourceVersionDate "2014.11.20"]
[SourceQuality "1"]

1. e4 c5 2. Nf3 Nc6 3. d4 cxd4 4. Nxd4 Nf6 5. Nc3 e6 6. Be3 Bb4 7. Bd3 d5 8. Nxc6 bxc6 9. exd5 cxd5 10. 0-0 0-0 11. Nb5 a6 12. Nd4 Bd7 13. a3 Be7 14. Qe2 Qc8 15. f4 Qb7 16. b4 Rfc8 17. Nb3 Bb5 18. Bd4 Nd7 19. Qg4 Bf6 20. Bxf6 Nxf6 21. Qh4 Qb6+ 22. Kh1 Bxd3 23. cxd3 Qe3 24. Rf3 Qe2 25. Nc5 Qb2 26. Raf1 a5 27. f5 axb4 28. axb4 e5 29. Rg3 Ra1 30. Rgf3 Rb8 31. Qg5 e4 32. dxe4 dxe4 33. Qf4 Rxb4 34. Qc7 h6 35. Qc8+ Kh7 36. Nxe4 Rxf1+ 37. Rxf1 Rxe4 38. Qf8 Qf2 39. Rg1 Re1 0-1

[Event "Norderstedt op"]
[Site "Norderstedt"]
[Date "2013.03.30"]
[Round "4"]
[White "Costello, Colin"]
[Black "Reppen, Ellisiv"]
[Result "1/2-1/2"]
[WhiteElo "1957"]
[BlackElo "1972"]
[PlyCount "144"]
[EventDate "2013.03.28"]
[EventType "swiss"]
[EventRounds "9"]
[EventCountry "GER"]
[SourceTitle "EXT 2015"]
[Source "ChessBase"]
[SourceDate "2014.11.20"]
[SourceVersion "1"]
[SourceVersionDate "2014.11.20"]
[SourceQuality "1"]

1. c4 Nf6 2. g3 e6 3. Bg2 d5 4. Nf3 Be7 5. 0-0 0-0 6. d4 dxc4 7. Nbd2 a6 8. Nxc4 Nc6 9. b3 Rb8 10. Bb2 Re8 11. Rc1 Ne4 12. Nfe5 Nxe5 13. Nxe5 Nf6 14. e4 Nd7 15. Nd3 c6 16. Re1 Qb6 17. d5 cxd5 18. exd5 Nf6 19. Nf4 Bc5 20. Qc2 Bb4 21. Re2 Bd7 22. dxe6 fxe6 23. Qc7 Qxc7 24. Rxc7 Bd6 25. Rxb7 Bxf4 26. gxf4 Rxb7 27. Bxb7 Bb5 28. Re5 Nd7 29. Rg5 g6 30. a4 Bd3 31. Rg3 Nc5 32. Ba3 Be4 33. Bxe4 Nxe4 34. Rd3 e5 35. fxe5 Rxe5 36. f4 Rf5 37. Bd6 g5 38. fxg5 Rxg5+ 39. Kf1 Kf7 40. Bg3 Rf5+ 41. Ke2 Nxg3+ 42. hxg3 Ke6 43. Ke3 Rg5 44. Kf4 Rf5+ 45. Ke4 Rg5 46. Kd4 Kd6 47. Kc4+ Kc6 48. Rf3 Rg4+ 49. Kc3 a5 50. Kd3 Rb4 51. Ke2 h5 52. Kf2 h4 53. Rf6+ Kb7 54. gxh4 Rxh4 55. Ke2 Rb4 56. Rf3 Kc6 57. Kd2 Kb6 58. Kc3 Rh4 59. Rd3 Kc5 60. Rg3 Rf4 61. Rg5+ Kb6 62. Rb5+ Ka6 63. Rb8 Rh4 64. Rd8 Rg4 65. Rd6+ Kb7 66. Rd4 Rg3+ 67. Kc4 Kc6 68. Rh4 Rg6 69. Kd4 Kb6 70. Kc4 Rc6+ 71. Kd4 Rg6 72. Kc4 Rc6+ 1/2-1/2

[Event "Norderstedt op"]
[Site "Norderstedt"]
[Date "2013.03.29"]
[Round "3"]
[White "Reppen, Ellisiv"]
[Black "Stabolewski, Andreas"]
[Result "0-1"]
[WhiteElo "1972"]
[BlackElo "2205"]
[PlyCount "78"]
[EventDate "2013.03.28"]
[EventType "swiss"]
[EventRounds "9"]
[EventCountry "GER"]
[SourceTitle "EXT 2015"]
[Source "ChessBase"]
[SourceDate "2014.11.20"]
[SourceVersion "1"]
[SourceVersionDate "2014.11.20"]
[SourceQuality "1"]

1. e4 c5 2. Nf3 d6 3. d4 Nf6 4. Nc3 cxd4 5. Nxd4 Nc6 6. h3 e5 7. Nf3 h6 8. Bc4 Be7 9. 0-0 Be6 10. Bxe6 fxe6 11. Nh4 g5 12. Ng6 Rg8 13. Nxe7 Qxe7 14. Be3 0-0-0 15. Qe2 d5 16. exd5 exd5 17. Nb5 d4 18. Bd2 Kb8 19. a4 e4 20. a5 Qc5 21. Na3 Qf5 22. a6 d3 23. Qe3 dxc2 24. Nc4 Rd3 25. Qe1 g4 26. h4 Nd4 27. Ra5 Nf3+ 28. Kh1 Nxe1 29. Rxf5 Rxd2 30. Nxd2 c1Q 31. Nb3 Qxb2 32. Rxe1 g3 33. Nc5 gxf2 34. Rf1 e3 35. Rxf6 Qxf6 36. Nd7+ Kc7 37. Nxf6 e2 38. Rc1+ Kd8 39. axb7 f1Q+ 0-1

[Event "Gibraltar Masters 11th"]
[Site "Caleta"]
[Date "2013.01.25"]
[Round "4"]
[White "Colompar, Ladislau Alexandru"]
[Black "Reppen, Ellisiv"]
[Result "0-1"]
[WhiteElo "1790"]
[BlackElo "2005"]
[PlyCount "86"]
[EventDate "2013.01.22"]
[EventType "swiss"]
[EventRounds "10"]
[EventCountry "GGB"]
[SourceTitle "CBM 153"]
[Source "ChessBase"]
[SourceDate "2013.03.14"]
[SourceVersion "1"]
[SourceVersionDate "2013.03.14"]
[SourceQuality "1"]

1. d4 Nf6 2. e3 d5 3. Nf3 e6 4. Bd3 c5 5. b3 Nc6 6. a3 Qc7 7. Bb2 cxd4 8. exd4 Bd6 9. 0-0 0-0 10. Qe2 Re8 11. Ne5 a6 12. f4 b6 13. Nd2 Bb7 14. Rf3 Qe7 15. Rh3 h6 16. g4 Bxe5 17. dxe5 Qc5+ 18. Kh1 Ne4 19. Rf1 Nxd2 20. Qxd2 Rad8 21. b4 Qe7 22. g5 d4 23. Kg1 hxg5 24. Qe2 g6 25. Bc1 Kg7 26. fxg5 Rh8 27. Rhf3 Rdf8 28. Rf6 Qc7 29. Bf4 Ne7 30. Bg3 Qc6 31. R6f3 b5 32. h4 Qd5 33. Kh2 Qd7 34. Rf4 Nf5 35. Bxf5 gxf5 36. Rd1 Be4 37. Rxe4 fxe4 38. Qxe4 Rc8 39. Rd2 Rc4 40. Qf4 Qe7 41. Kg1 Rhc8 42. Qf2 Rc3 43. Qxd4 Rxg3+ 0-1

[Event "London Classic (Women)"]
[Site "London"]
[Date "2012.12.04"]
[Round "4"]
[White "Reppen, Ellisiv"]
[Black "Smith, Olivia"]
[Result "1/2-1/2"]
[WhiteElo "2001"]
[BlackElo "2018"]
[PlyCount "70"]
[EventDate "2012.12.01"]
[EventType "tourn"]
[EventRounds "9"]
[EventCountry "ENG"]
[SourceTitle "EXT 2014"]
[Source "ChessBase"]
[SourceDate "2013.11.20"]
[SourceVersion "1"]
[SourceVersionDate "2013.11.20"]
[SourceQuality "1"]

1. e4 e5 2. Nf3 Nf6 3. Nxe5 d6 4. Nf3 Nxe4 5. d4 d5 6. Bd3 Be7 7. 0-0 Nc6 8. c3 Bg4 9. h3 Bh5 10. Re1 f5 11. Nbd2 Qd6 12. Qb3 0-0-0 13. Be2 g5 14. Nxe4 fxe4 15. Ne5 Bxe2 16. Nxc6 Qxc6 17. Rxe2 h5 18. f3 Bf6 19. fxe4 dxe4 20. Be3 g4 21. Rf1 gxh3 22. Rf5 hxg2 23. Bf4 Be7 24. Rxg2 Rhf8 25. Rxf8 Rxf8 26. Be5 Qh6 27. Qd5 e3 28. Qc4 Bd6 29. Bxd6 Qxd6 30. Rg8 Rxg8+ 31. Qxg8+ Kd7 32. Qf7+ Qe7 33. Qd5+ Qd6 34. Qf7+ Qe7 35. Qd5+ Qd6 1/2-1/2

[Event "London Classic (Women)"]
[Site "London"]
[Date "2012.12.03"]
[Round "3"]
[White "Mareckova, Martina"]
[Black "Reppen, Ellisiv"]
[Result "1/2-1/2"]
[WhiteElo "2080"]
[BlackElo "2001"]
[PlyCount "75"]
[EventDate "2012.12.01"]
[EventType "tourn"]
[EventRounds "9"]
[EventCountry "ENG"]
[SourceTitle "EXT 2014"]
[Source "ChessBase"]
[SourceDate "2013.11.20"]
[SourceVersion "1"]
[SourceVersionDate "2013.11.20"]
[SourceQuality "1"]

1. e4 e5 2. Nf3 Nc6 3. Bc4 Bc5 4. 0-0 Nf6 5. d4 Bxd4 6. Nxd4 Nxd4 7. f4 d6 8. fxe5 dxe5 9. Bg5 Be6 10. Na3 Qd6 11. Bxf6 gxf6 12. c3 Nc6 13. Qxd6 cxd6 14. Rxf6 Ke7 15. Raf1 Raf8 16. Bxe6 fxe6 17. Rxf8 Rxf8 18. Rxf8 Kxf8 19. Nc4 Ke7 20. Kf2 b5 21. Ne3 Kf6 22. Kf3 a6 23. g3 Ne7 24. Ng4+ Kg6 25. Nf2 Nc6 26. Nd3 a5 27. Ke3 Kf6 28. h4 h5 29. Nf2 a4 30. Kd3 Na5 31. g4 hxg4 32. Nxg4+ Kg6 33. Nh2 Kh5 34. Nf3 Nb7 35. Ke3 Na5 36. Kd3 Nb7 37. Ke3 Na5 38. Kd3 1/2-1/2

[Event "London Classic (Women)"]
[Site "London"]
[Date "2012.12.02"]
[Round "2"]
[White "Reppen, Ellisiv"]
[Black "Sandu, Mihaela"]
[Result "0-1"]
[WhiteElo "2001"]
[BlackElo "2199"]
[PlyCount "58"]
[EventDate "2012.12.01"]
[EventType "tourn"]
[EventRounds "9"]
[EventCountry "ENG"]
[SourceTitle "EXT 2014"]
[Source "ChessBase"]
[SourceDate "2013.11.20"]
[SourceVersion "1"]
[SourceVersionDate "2013.11.20"]
[SourceQuality "1"]

1. e4 c5 2. Nf3 d6 3. d4 cxd4 4. Nxd4 Nf6 5. Nc3 a6 6. Bg5 e6 7. f4 Qc7 8. Qe2 Nbd7 9. 0-0-0 b5 10. g3 b4 11. Nd5 exd5 12. exd5+ Be7 13. Nc6 Nb8 14. Bxf6 gxf6 15. Re1 Nxc6 16. dxc6 Be6 17. Bg2 Kf8 18. Rhf1 f5 19. Qh5 Bf6 20. g4 Qa5 21. c7 Rc8 22. Bc6 Bxb2+ 23. Kd1 Qxc7 24. c3 Qxc6 25. Qh6+ Ke8 26. Rxe6+ fxe6 27. Qxe6+ Kd8 28. Re1 Qf3+ 29. Re2 Qf1+ 0-1

[Event "High Wycombe e2e4 op 10"]
[Site "High Wycombe"]
[Date "2012.10.13"]
[Round "2"]
[White "Mavinkurve, Aditya"]
[Black "Reppen, Ellisiv"]
[Result "0-1"]
[WhiteElo "1763"]
[BlackElo "1998"]
[PlyCount "78"]
[EventDate "2012.10.12"]
[EventType "swiss"]
[EventRounds "5"]
[EventCountry "ENG"]
[SourceTitle "EXT 2013"]
[Source "ChessBase"]
[SourceDate "2012.11.22"]
[SourceVersion "1"]
[SourceVersionDate "2012.11.22"]
[SourceQuality "1"]

1. d4 Nf6 2. c4 c5 3. d5 d6 4. Nc3 g6 5. e4 Bg7 6. Be2 0-0 7. f4 Nbd7 8. Nf3 Re8 9. 0-0 b6 10. h3 Bb7 11. g4 h5 12. g5 Nh7 13. f5 Ne5 14. Nh4 Qd7 15. Kh2 Ba6 16. Nb5 Bxb5 17. cxb5 c4 18. a4 Rac8 19. Ra3 Rc7 20. fxg6 fxg6 21. Nxg6 Nxg6 22. Bxh5 Be5+ 23. Kg1 c3 24. Bg4 Qd8 25. Be6+ Kh8 26. Rf7 Bg7 27. bxc3 Rf8 28. Qh5 Rxf7 29. Bxf7 Qf8 30. Bxg6 Bd4+ 31. cxd4 Rxc1+ 32. Kg2 Qf1+ 33. Kg3 Qe1+ 34. Kg4 Qe2+ 35. Rf3 Rg1+ 36. Kf4 Qd2+ 37. Re3 Qh2+ 38. Kf3 Rf1+ 39. Kg4 Rf4# 0-1

[Event "NOR-chT Clubs"]
[Site "Fagernes"]
[Date "2012.06.09"]
[Round "3"]
[White "Reppen, Ellisiv"]
[Black "Bentsen, Hakon"]
[Result "1/2-1/2"]
[WhiteElo "2016"]
[BlackElo "2114"]
[PlyCount "42"]
[EventDate "2012.06.08"]
[EventType "team-swiss"]
[EventRounds "6"]
[EventCountry "NOR"]
[SourceTitle "CBM 148 Extra"]
[Source "ChessBase"]
[SourceDate "2012.06.22"]
[SourceVersion "1"]
[SourceVersionDate "2012.06.22"]
[SourceQuality "1"]
[WhiteTeam "OSS"]
[BlackTeam "Molde"]
[WhiteTeamCountry "NOR"]
[BlackTeamCountry "NOR"]

1. e4 e5 2. Nf3 Nc6 3. Bb5 a6 4. Ba4 Nf6 5. d3 d6 6. c3 Be7 7. 0-0 0-0 8. Nbd2 h6 9. Re1 Nh7 10. Nf1 Ng5 11. Nxg5 Bxg5 12. Bxg5 Qxg5 13. Qd2 Ne7 14. Qxg5 hxg5 15. d4 Be6 16. Ne3 f6 17. a3 Rfd8 18. dxe5 dxe5 19. Rad1 Kf8 20. Rxd8+ Rxd8 21. Rd1 Rxd1+ 1/2-1/2

[Event "Gibraltar Masters 10th"]
[Site "Caleta"]
[Date "2012.02.01"]
[Round "9"]
[White "Reppen, Ellisiv"]
[Black "Dunn, Andrew"]
[Result "1/2-1/2"]
[WhiteElo "1948"]
[BlackElo "2233"]
[PlyCount "68"]
[EventDate "2012.01.24"]
[EventType "swiss"]
[EventRounds "10"]
[EventCountry "GGB"]
[SourceTitle "CBM 147"]
[Source "ChessBase"]
[SourceDate "2012.03.16"]
[SourceVersion "1"]
[SourceVersionDate "2012.03.16"]
[SourceQuality "1"]

1. e4 c6 2. d4 d5 3. Nc3 dxe4 4. Nxe4 Nf6 5. Nxf6+ exf6 6. Nf3 Bd6 7. Be2 0-0 8. 0-0 Be6 9. c4 Re8 10. Bd2 Nd7 11. b4 Nf8 12. a4 Ng6 13. Re1 Bf5 14. Qb3 Qc7 15. Rac1 Be4 16. h3 Rad8 17. d5 Bf4 18. Bxf4 Nxf4 19. dxc6 Qxc6 20. c5 Nxe2+ 21. Rxe2 Bxf3 22. Rxe8+ Rxe8 23. Qxf3 Qxf3 24. gxf3 Kf8 25. c6 bxc6 26. Rxc6 Rb8 27. b5 Rb7 28. Rc8+ Ke7 29. Rh8 h6 30. Rh7 Kf8 31. Rh8+ Ke7 32. Rh7 Kf8 33. Rh8+ Ke7 34. Rh7 Kf8 1/2-1/2